00587nam a22002057a 450000500170000001000130001702000220003003500130005203700160006504000120008108200130009310000200010624500530012626000450017927000510022430000250027550000200030065000410032065000200036120170124110103.0 aA-025716 c00.00a0706912275 aA-025716 bCen Lib/Ret aDPLbEN a921bTAN aTandon, Prakash aReturn to Punjab, 1961-1975 /cby Prakash Tandon aNew Delhi bVikas Publishing Housec1980 bNew Delhi a5, Ansari Road, Darya Ganje110002 axiv,227p. c21cm(Hb) aIncludes index  aBusinesspeople -- India -- Biography aTandon, Prakash